000
00282nam a22001217a 4500
041
_a
ENG
100
_a
Kolchiro T
245
_a
Climatic Change And Food Production
260
_a
Delhi
_b
University of Tokyo Press
_c
1998
300
_a
433
650
_a
SWCE (06)
856
_u
SWCE (06)
999
_c
2915
_d
2915